000 01100nam a2200313 a 4500
001 000115411
003 CHAP
005 20220329144533.0
008 190520s2018 mx a |sm |||||||spa d
010 _a111872
011 _a112844
040 _cCHAP
090 _aTesis
100 1 _aMartínez Juárez, Lucero.
_9135662
245 1 0 _aEstudio del consumo del carbón vegetal en Texcoco, Edo. de México
_h[En línea]
_cpor Lucero Martínes Juárez.
260 _aChapingo, Méx. :
_bEl autor,
_c2018.
500 _aPara ver el contenido del material haga clic en la liga
502 _aTesis (Ing. Forestal) -- UACH. División de Ciencias Forestales
590 _aBATCH-UPD
_b05
_c20190520
_lUCH01
_h1159
590 _aE6339RRR
_b05
_c20190520
_lUCH01
_h1159
590 _aE6339RRR
_b05
_c20190520
_lUCH01
_h1200
650 1 4 _aCarbón como combustible.
_918853
650 1 4 _aCarbón vegetal
_xConsumo.
_9135663
650 1 4 _aCarbón vegetal
_xProducción.
_9126822
856 _aFinding aid
_uhttp://10.13.5.2/tesis/sist115411.pdf
_zTeclea aquí
901 _aBK
942 _cTESIS
942 _n0
999 _c111872
_d111872